| 000 | 02147nam0a2200361 4500 | ||
|---|---|---|---|
| 001 | RU\NLR\bibl\399851 | ||
| 005 | 20250622163610.0 | ||
| 010 |
_a5-8199-00667-7 _96000 |
||
| 021 |
_aRU _b2003-22067 _91028 |
||
| 035 | _a(NLR Aleph) 000394039 | ||
| 090 |
_a533680 _c533680 |
||
| 100 | _a20030515d2003 |||y0rusy50 ca | ||
| 101 | 0 | _arus | |
| 102 | _aRU | ||
| 105 | _ay ||||||||| | ||
| 200 | 1 |
_aЭтика и психология профессиональной деятельности _eУчеб. для студентов образоват. учреждений сред. проф. образования _fЕ.А. Красникова |
|
| 210 |
_aМ. _cФОРУМ - ИНФРА-М _d2003 |
||
| 215 |
_a207 с. _d22 |
||
| 225 | 1 | _aСерия "Профессиональное образование" | |
| 320 | _aБиблиогр.: с. 206-207 и в подстроч. прим. | ||
| 606 | 0 |
_aЮристы _jРуководства, пособия и т.п. _xПрофессиональная этика _92001549 _3RU\NLR\auth\66919812 |
|
| 606 | 0 |
_aЮристы _jУчебные издания для среднего профессионального образования _xПрофессиональная этика _92001549 _3RU\NLR\auth\66919812 |
|
| 606 | 0 |
_aЮристы _jРуководства, пособия и т.п. для средних специальных учебных заведений _xПрофессиональная деятельность _xПсихологические исследования _92250942 _3RU\NLR\auth\661350160 |
|
| 606 | 0 |
_aЮристы _jУчебные издания для среднего профессионального образования _xПрофессиональная деятельность _xПсихологические исследования _92250942 _3RU\NLR\auth\661350160 |
|
| 686 | _aХ.п.я723 | ||
| 686 | _aЮ947.29я723 | ||
| 700 | 1 |
_aКрасникова _bЕ. А. _gЕлена Александровна _4070 |
|
| 801 | 0 |
_aRU _bNLR _c20030515 _gPSBO |
|
| 801 | 1 |
_aRU _bNLR _c20030515 |
|
| 830 | _aАвт. по кн | ||
| 942 | _cBOOK | ||
| 980 | _aNB | ||